Constitutional law case digest : fundamental rights and freedoms /

Saved in:
Bibliographic Details
Corporate Author: International Commission of Jurists (1952- ). Kenya Section
Other Authors: Kanyua, Priscilla, Kichana, Philip, Sihanya, Bernard
Format: Book
Language:English
Published: Nairobi : Kenya Section of the International Commission of Jurists, 2004
Subjects:
Tags: Add Tag
No Tags, Be the first to tag this record!

MARC

LEADER 00000cam a2200000 a 4500
001 13982730
003 KE-NaDUL
005 20190925020008.0
008 050125s2004 ke bw 000 0 eng
952 |0 0  |1 0  |2 lcc  |4 0  |6 KSK2095 C66 02004  |7 0  |8 GC  |9 125317  |a DULS  |b DUA  |c GC  |d 2018-06-28  |e Unknown  |g 2500.00  |l 2  |o KSK2095.C66 2004  |p BK0104018  |r 2024-02-09 13:32:14  |s 2024-01-24  |w 2018-06-28  |x 104018  |y G 
999 |c 190865  |d 190865 
010 |a  2005328027 
020 |a 9966958738 
035 |a (DLC) 2005328027 
040 |a DLC  |c DLC 
042 |a lcode 
043 |a f-ke--- 
245 0 0 |a Constitutional law case digest :  |b fundamental rights and freedoms /  |c editors, Priscilla Kanyua, Philip Kichana, Bernard Sihanya. 
260 |a Nairobi :  |b Kenya Section of the International Commission of Jurists,  |c 2004 
300 |a xxxv, 204 p.  |c 22 cm. 
504 |a Includes bibliographical references. 
650 0 |a Civil rights  |z Kenya  |v Cases.  |9 1951 
700 1 |a Kanyua, Priscilla.  |9 1952 
700 1 |a Kichana, Philip.  |9 1953 
700 1 |a Sihanya, Bernard.  |9 1954 
710 2 |a International Commission of Jurists (1952- ).  |b Kenya Section.  |9 1955 
906 |a 7  |b cbc  |c origode  |d 2  |e ncip  |f 20  |g y-gencatlg 
942 |2 lcc  |c G  |h KSK2095  |i .C66  |m 2004  |0 1  |6 KSK2095 C66